000 01255nam a22002297a 4500
999 _c6386
_d6386
003 AR-CdUCM
008 190315b ||||| |||| 00| 0 spa d
040 _aMUNICIPALIDAD PROVINCIAL DEL CUSCO
_cBIBLIOTECA MUNICIPAL DEL CUSCO
082 _22ed.
_a330.985 /
_bR81
100 _aRomero, Emilio
_91531
245 _aHistoria Económica del Perú :
_b
260 _aLima :
_bUniverso.
300 _a284 páginas ;
_c21cm
505 _aContenido: t.1: Época Precolombina Virreynato: Panorama económico de Europa y España antes del descubrimiento -- Estructura social y económica del Imperio de los Incas en la época del descubrimiento y conquista del Perú -- La revolución económica producida por la conquista -- La expansión y organización del comercio colonial -- La economía indígena, población rural indígena... -- t.2: Emancipación y República: Estado social y económico al comenzar la República -- El proceso agrario -- Permanencia del sistema fiscal y económico virreynal -- El primer presupuesto constitucional...
650 _aHistoria del Perú
_9259
650 _aEconomía
_9382
650 _aColonia
_91685
650 _aConquista
_91045
650 _aEconomía indígena
_918187
942 _2ddc
_cLIBROS
945 _anom